000 00294nam a22001337a 4500
008 171010b xxu||||| |||| 00| 0 eng d
020 _a9780534553814
041 _aeng
080 _25TH
_a316
100 _a50
101 _aSOC
245 _aHUMAN DEVELOPMENT
_cSIGELMAN,C.K
942 _2udc
_cBK
999 _c32878
_d32878